00750nam a2200193 4500003000900000005001700009008004100026020002700067040001300094082001800107100003200125245015200157260003000309300001000339440006900349942000900418952011400427999001500541SEACOMEC20241118160941.0241118b |||||||| |||| 00| 0 eng d a978-1558603691c395.00 aSEACOMEC a005.746bG449 a Gibson, Jerry D... ...etal aDigital Compression for Multimedia: Principles and Standard/ c Jerry D. Gibson, Toby Berger , Tom Lookabaugh , Rich Baker and David Lindbergh aNew DelhibElsevierc1998 a478 p aThe Morgan Kaufmann Series in Multimedia Information and Systems cBOOK 00102ddc4070aSEACOMECbSEACOMECd2007-07-12l0o005.746 G449p7570r2024-11-18 16:11:05w2024-11-18yBOOK c1824d1824